| 000 | 00500nam a2200193Ia 4500 | ||
|---|---|---|---|
| 003 | GCL | ||
| 008 | 140319s9999 xx 000 0 eng d | ||
| 020 | _a0782141943 | ||
| 040 |
_aGCL / _cGCL |
||
| 082 | 0 | 4 |
_a005.3 _bF A |
| 100 | 1 | _aFREY, DAVID | |
| 245 | 1 | 0 |
_aAUTOCAD 2004 AND AUTOCAD LE 2004 / _cFREY, DAVID |
| 260 |
_aنيويورك : _bSYBEX ، _c2003 |
||
| 300 |
_a24 CM ؛ _c681 P |
||
| 650 | 0 | 4 | _aCOMPUTER SOFTWARE |
| 650 | 0 | 4 | _aCOMPUTER PROGRM |
| 650 | 0 | 4 | _aAUTOCAD 2004 |
| 942 |
_2ddc _cBK |
||
| 999 |
_c7268 _d7268 |
||